=LDR 00000nam 2200000 4500 =001 INLIS000000000033378 =005 20130612135333 =008 ***********************************Ind** =035 ##$$0010-061300000033378 =041 ##$$a Ind =082 ##$$a 651.75 =090 ##$$a 651.75, Sya p =100 ##$$a Syah, Jalinus =245 ##$$a Practical guide to business correspondence, Pedoman praktis korespondensi Inggris, Jalinus Syah =260 ##$$a 1983 $b Jakarta =300 ##$$a 178 hlm, 20 cm =650 ##$$a Corespondece =850 ##$$a NBPNMAT